000 00485nam a2200145Ia 4500
008 230917s9999||||xx |||||||||||||| ||und||
040 _e186115
_aMAIN
041 _aEnglish
082 _a301.426 I8N
100 _aInternational Institute for Population Sciences
245 0 _aNational family health survey (MCH and family planning): Jammu region of Jammu and Kashmir 1993
260 _aMumbai
_bInternational Institute for Population Sciences
_c1995
300 _a282 p.
942 _cBK
999 _c80058
_d80058